| 000 | 01027cpcaa22002537a 4500 | ||
|---|---|---|---|
| 001 | mm 83003846 | ||
| 003 | DLC | ||
| 005 | 20260227111718.0 | ||
| 008 | 830304|||||||||||| eng | ||
| 010 | _amm 83003846 | ||
| 040 |
_aDLC _cDLC _edacs _dDLC |
||
| 072 | 7 |
_aW _2lcmd |
|
| 100 | 1 |
_aWashington, George Corbin, _d1789-1854. |
|
| 245 | 0 | 0 |
_aGeorge Corbin Washington and John Thomson Mason report, _f1845 July 23. |
| 300 |
_a1 _fitem. |
||
| 506 | 0 | _aOpen to research. | |
| 545 | 0 | _aWashington and Mason were U.S. representatives from Maryland. | |
| 546 | _aCollection material in English. | ||
| 580 | _aForms part of: Miscellaneous Manuscripts collection. | ||
| 656 | 7 |
_aRepresentatives, U.S. Congress _zMaryland. _2itoamc |
|
| 700 | 1 |
_aMason, John Thomson, _d1815-1873. _tGeorge Corbin Washington and John Thomson Mason report. _f1845 July 23. |
|
| 999 |
_c43868 _d43868 |
||